ბათუმის შოთა რუსთაველის სახელმწიფო უნივერსიტეტის ბიბლიოთეკა

Учебное пособие по военной челюстно-лицевой хирургии,терапевтической и ортопедической стоматологии (ბიბ.ჩანაწერი № 35064)

000 -LEADER
fixed length control field 00878nam a2200241Ia 4500
001 - CONTROL NUMBER
control field 904
003 - CONTROL NUMBER IDENTIFIER
control field GE_BSU
008 - FIXED-LENGTH DATA ELEMENTS--GENERAL INFORMATION
fixed length control field 181216s||||||||xx |||||||||||||| ||und||
040 ## - CATALOGING SOURCE
Transcribing agency GE_BSU
080 ## - UNIVERSAL DECIMAL CLASSIFICATION NUMBER
Universal Decimal Classification number 616.31(075.8):355(075.8)
100 ## - MAIN ENTRY--PERSONAL NAME
Personal name Кабаков,Б.Д.
245 ## - TITLE STATEMENT
Title Учебное пособие по военной челюстно-лицевой хирургии,терапевтической и ортопедической стоматологии
245 ## - TITLE STATEMENT
Remainder of title (Краткий курс военной стоматологии).Учебное пособие для студ.стоматологических ин-тов
250 ## - EDITION STATEMENT
Edition statement 2-е изд-е
260 ## - PUBLICATION, DISTRIBUTION, ETC.
Place of publication, distribution, etc. Москва
260 ## - PUBLICATION, DISTRIBUTION, ETC.
Name of publisher, distributor, etc. Медицина
260 ## - PUBLICATION, DISTRIBUTION, ETC.
Date of publication, distribution, etc. 1980
300 ## - PHYSICAL DESCRIPTION
Extent 270стр.
653 ## - INDEX TERM--UNCONTROLLED
Uncontrolled term медицина
653 ## - INDEX TERM--UNCONTROLLED
Uncontrolled term стоматология
942 ## - ADDED ENTRY ELEMENTS (KOHA)
Koha item type წიგნი
ეგზემპლარები
Withdrawn status Lost status Damaged status Not for loan Date acquired Barcode Date last seen Price effective from Koha item type
        2018-12-17 1988 2018-12-17 2018-12-17 წიგნი